Central excise guide for small scale industry 1996-97 (Record no. 41009)
[ view plain ]
| 000 -LEADER | |
|---|---|
| fixed length control field | 00404nam a2200145Ia 4500 |
| 082 ## - DEWEY DECIMAL CLASSIFICATION NUMBER | |
| Classification number | 334.743:336.126.3 |
| Item number | GOP |
| 100 ## - MAIN ENTRY--AUTHOR NAME | |
| Personal name | Gopinath, Sarangi |
| 245 #0 - TITLE STATEMENT | |
| Title | Central excise guide for small scale industry 1996-97 |
| 250 ## - EDITION STATEMENT | |
| Edition statement | Ed.4 |
| 260 ## - PUBLICATION, DISTRIBUTION, ETC. (IMPRINT) | |
| Place of publication | New Delhi |
| Name of publisher | Centax Publications |
| Year of publication | 1996-97 |
| 650 ## - SUBJECT ADDED ENTRY--TOPICAL TERM | |
| Topical Term | Excise duty |
| 650 ## - SUBJECT ADDED ENTRY--TOPICAL TERM | |
| Topical Term | SSI products |
| 942 ## - ADDED ENTRY ELEMENTS (KOHA) | |
| Koha item type | Books |
| Withdrawn status | Lost status | Damaged status | Not for loan | Home library | Current library | Date acquired | Cost, normal purchase price | Full call number | Accession Number | Koha item type |
|---|---|---|---|---|---|---|---|---|---|---|
| RRII Library | RRII Library | 16/12/2021 | 225.00 | 334.743:336.126.3 GOP | 21301 | Books |